<?xml version="1.0" encoding="UTF-8"?>
<record
    xmlns:xsi="http://www.w3.org/2001/XMLSchema-instance"
    xsi:schemaLocation="http://www.loc.gov/MARC21/slim http://www.loc.gov/standards/marcxml/schema/MARC21slim.xsd"
    xmlns="http://www.loc.gov/MARC21/slim">

  <leader>00510nam a2200169Ia 4500</leader>
  <controlfield tag="008">090711s9999    xx            000 0 und d</controlfield>
  <datafield tag="082" ind1=" " ind2=" ">
    <subfield code="b">582</subfield>
  </datafield>
  <datafield tag="100" ind1=" " ind2=" ">
    <subfield code="a">&#x938;&#x92A;&#x94D;&#x930;&#x947; &#x92E;&#x93E;&#x927;&#x935; &#x928;&#x940;.</subfield>
  </datafield>
  <datafield tag="245" ind1=" " ind2=" ">
    <subfield code="a">&#x905;&#x926;&#x94D;&#x935;&#x948;&#x924;&#x92E;&#x915;&#x930;&#x928;&#x94D;&#x926;</subfield>
  </datafield>
  <datafield tag="260" ind1=" " ind2=" ">
    <subfield code="c">1999</subfield>
  </datafield>
  <datafield tag="300" ind1=" " ind2=" ">
    <subfield code="a">104</subfield>
  </datafield>
  <datafield tag="600" ind1=" " ind2=" ">
    <subfield code="a">&#x938;&#x92A;&#x94D;&#x930;&#x947; &#x92E;&#x93E;&#x927;&#x935; &#x928;&#x940;.</subfield>
  </datafield>
  <datafield tag="630" ind1=" " ind2=" ">
    <subfield code="a">&#x905;&#x926;&#x94D;&#x935;&#x948;&#x924;&#x92E;&#x915;&#x930;&#x928;&#x94D;&#x926;</subfield>
  </datafield>
  <datafield tag="700" ind1=" " ind2=" ">
    <subfield code="a">&#x938;&#x92A;&#x94D;&#x930;&#x947; &#x92E;&#x93E;&#x927;&#x935; &#x928;&#x940;.</subfield>
  </datafield>
  <datafield tag="730" ind1=" " ind2=" ">
    <subfield code="a">&#x905;&#x926;&#x94D;&#x935;&#x948;&#x924;&#x92E;&#x915;&#x930;&#x928;&#x94D;&#x926;</subfield>
  </datafield>
  <datafield tag="942" ind1=" " ind2=" ">
    <subfield code="c">BOOK</subfield>
  </datafield>
  <datafield tag="999" ind1=" " ind2=" ">
    <subfield code="c">335560</subfield>
    <subfield code="d">335560</subfield>
  </datafield>
</record>
